Páginas hebraicas

Gorde:
Xehetasun bibliografikoak
Egile nagusia: Momigliano, Arnaldo (autor)
Formatua: Liburua
Hizkuntza:gaztelania
Argitaratua: Madrid Mondadori 1990
Saila:Biblioteca Mondadori, 8
Gaiak:
Etiketak: Etiketa erantsi
Etiketarik gabe, Izan zaitez lehena erregistro honi etiketa jartzen!

MARC

LEADER 00000nam a2200000 a 4500
001 UCM3834
003 CL-VaPUC
008 020719e19900000SP |||||||||||||||||spa|d
082 0 4 |a 933  |b MOM  |2 21 
100 |a Momigliano, Arnaldo  |e autor  |9 593300 
245 1 0 |a Páginas hebraicas 
300 |a 303 p 
942 |c BK 
945 |d 20020719 00:00:00  |a cmena 
260 |a Madrid  |b Mondadori  |c 1990 
650 0 |a Judaísmo  |9 269348 
650 7 |a HISTORIA DEL JUDAISMO  |2 CL-VaPUC  |9 470450 
650 0 |a Historia de la religión  |9 313185 
583 |a last modification  |c 20020719 00:00:00  |k Rodrigo Vera 
490 0 |a Biblioteca Mondadori, 8 
999 |c 300898  |d 300896 
952 |0 0  |1 0  |4 0  |6 933_000000000000000_MOM_1990  |7 0  |8 A  |9 359290  |a BIBHIS  |b BIBHIS  |d 2019-11-21  |i 3826406  |l 3  |o 933 MOM 1990  |p 3826406  |r 2025-04-23  |s 2025-03-25  |w 2019-11-21  |y BK  |k HIS